000 01444pam a2200397 i 4500
001 2072
003 FISKH
005 20231103123641.0
008 780907s1978 caua j 000 0beng
010 _a 78010578
020 _a0916392287
040 _aDLC
_cDLC
_dDLC
_beng
042 _alcac
050 0 0 _aRD27.35.M38
_bJ63
082 0 0 _a610/.92/2
_a920
_aB
100 1 _aJohnson, Spencer.
245 1 4 _aThe value of sharing :
_bthe story of the Mayo brothers /
_cby Spencer Johnson ; illustrated by Pileggi.
260 _aLa Jolla :
_bValue Communications,
_c1978.
300 _a63 pages :
_bcolor illustrations ;
_c29 cm
490 0 _aA Value tale
505 _aK
520 _aThe Mayo brothers, knowing the importance of sharing, enter a career in which they can share their knowledge, skills, and money with sick people and other doctors.
521 8 _a510
_bLexile
521 8 _aK
_bRaz-Plus
600 1 0 _aMayo, Charles Horace,
_d1865-1939
_xJuvenile literature.
600 1 0 _aMayo, William James,
_d1861-1939
_xJuvenile literature.
600 1 1 _aMayo, Charles Horace,
_d1865-1939.
600 1 1 _aMayo, William James,
_d1861-1939.
650 0 _aSurgeons
_zMinnesota
_zRochester
_xBiography
_xJuvenile literature.
650 0 _aSharing
_xJuvenile literature.
650 1 _aPhysicians.
650 1 _aSharing.
700 1 _aPileggi, Steve.
906 _a7
_bcbc
_corignew
_d1
_eocip
_f19
_gy-gencatlg
942 _2ddc
_cBK
_n0
999 _c2072
_d2072